000 00484pab a2200181 454500
008 180718b2005 xxu||||| |||| 00| 0 eng d
100 _aAnjani Kumar
245 _aTechnical efficiency in freshwater aquaculture in Uttar pradesh
260 _c2005
300 _ap.175-87.
362 _aOct
650 _aAquaculture - India - Uttar Pradesh
650 _aAquaculture
700 _aBadruddin
700 _aElumalai, K.
773 _aIndian Journal of Economics
909 _a69453
999 _c69453
_d69453